| 000 | 00942nam a22003017a 4500 | ||
|---|---|---|---|
| 003 | CHAP | ||
| 005 | 20220329140031.0 | ||
| 008 | 971013s1982 r 10010 d | ||
| 010 | _a45953 | ||
| 011 | _a46925 | ||
| 035 | _a51066 | ||
| 040 | _cCHAP | ||
| 082 |
_a633 _bR47 |
||
| 111 | 0 | 0 |
_aReuniao Nacional de Pesquisa de Caupi ( _n1 _d: 1982 _c: Goiana) _996213 |
| 245 | _aResumos | ||
| 260 |
_aGoias : _bEMBRAPA, _c1982 |
||
| 300 | _a297 p. | ||
| 590 |
_aBATCH-UPD _b10 _c20130110 _lUCH01 _h0008 |
||
| 590 |
_aBATCH-UPD _b10 _c20130110 _lUCH01 _h2213 |
||
| 590 |
_aBATCH-UPD _b10 _c20130410 _lUCH01 _h1515 |
||
| 590 |
_aBATCH-UPD _b10 _c20130914 _lUCH01 _h0928 |
||
| 590 |
_aCONVERSION _b10 _c20130109 _lUCH01 _h1325 |
||
| 650 | 1 | 4 |
_aChÃcharo de vaca. _922843 |
| 901 | _aBK | ||
| 942 | _cLIBRO | ||
| 949 |
_a633 R47 _bBC _cLIBRO _d33724000190997 _eLIBRO _fc.2 _h72729 _i51066 _si |
||
| 949 |
_a633 R47 _bBC _cLIBRO _d33724000191003 _eLIBRO _h60386 _i51066 _si |
||
| 999 |
_c45953 _d45953 |
||